| 000 | 00617nam a22001817a 4500 | ||
|---|---|---|---|
| 999 |
_c195072 _d195072 |
||
| 005 | 20230216115442.0 | ||
| 010 | _aENG-136213 | ||
| 020 |
_a9788189102923 _c700.00 |
||
| 035 | _aEN-119745 | ||
| 037 | _bDBAD/PUB | ||
| 082 | _a371.958 | ||
| 100 | _aKhan, Wasim Ahmad | ||
| 245 |
_aDistance education/ _cby Wasim Ahmad Khan |
||
| 260 |
_aRohini _bPrerna parkashan _c2011 |
||
| 270 |
_aC-13, Plot No. 2, D-5, Rose Apartment, Sector-14 Ext., Rohini _bDelhi _e110085 _k011-23240261 _l011-23240261 _mlakshaythani@hotmail.com |
||
| 300 |
_a272p. _c22cm(pbk) _bBibliography |
||
| 942 |
_2ddc _cEN _h371.958 _mKHA |
||